| 000 | 01045nam0a22002531 4500 | ||
|---|---|---|---|
| 001 | rc\4357148 | ||
| 005 | 20130416140619.8 | ||
| 035 | _a(NLR Aleph) 008281416 | ||
| 090 |
_a8518784 _c8518784 |
||
| 100 | _a20130416d1960 |||y0rusy50 ca | ||
| 101 | 0 | _arus | |
| 102 | _aRU | ||
| 105 | _ay z ||||| | ||
| 200 | 1 |
_aУстройство и эксплуатация электронных цифровых машин _eВыполнение операций арифметическим устройством машины "Урал" _fАрт. ордена Отечеств. войны радиотехн. акад. Сов. Армии им. Маршала Сов. Союза Говорова Л.А. |
|
| 210 |
_a[Москва] _cБ. и. _d1960 |
||
| 215 |
_a101 с. _d21 |
||
| 300 | _aНапеч. на ротапринте | ||
| 700 | 1 |
_aГеллер _bС. И. _gСоломон Ильич |
|
| 701 | 1 |
_aТрояновский _bК. Е. |
|
| 801 | 0 |
_aRU _bNLR _gpsbo |
|
| 801 | 1 |
_aRU _bELAR _2rusmarc |
|
| 852 |
_aNLR _j60-3/1995 |
||
| 942 | _cBOOK | ||
| 980 | _aNB | ||